| 000 | 00552nam a2200205 u 4500 | ||
|---|---|---|---|
| 005 | 20220622063443.0 | ||
| 008 | 130808s2007 ag r 000 0 spa d | ||
| 020 | _a9789876020602 | ||
| 035 | _aUPN01000192066 | ||
| 049 | _aCG | ||
| 050 | 4 |
_aPQ7798.33 A6.6 _bI2.2 |
|
| 100 | 1 |
_aWapner, David, _d1958- _934127 |
|
| 245 | 1 | 0 |
_aIcaro : _bnovela / _cDavid Wapner. |
| 260 |
_aCórdoba, Arg. : _bComunicarte, _c2007. |
||
| 300 | _a155 p. | ||
| 440 | 0 |
_aVeinte escalones ; _v5 |
|
| 650 | 0 |
_aNovela argentina _95078 |
|
| 905 | _aLibro | ||
| 999 |
_c164169 _d164169 |
||